000 00383nam a2200145Ia 4500
008 090124s9999 xx 000 0 und d
082 _b201862
245 _a उडती छबकडी
250 _a1
260 _bभागवत भा.रा.
_c1966
300 _a168
630 _a उडती छबकडी
730 _a उडती छबकडी
942 _cBOOK
999 _c183443
_d183443